Demosthenes Görögország legnagyobb szónoka /
Elmentve itt :
| Szerző: | |
|---|---|
| Dokumentumtípus: | Cikk |
| Megjelent: |
1875
|
| Sorozat: | Kolligátum
|
| Kulcsszavak: | Demosthenes, Szónoki beszéd - ókori - görög - i. e. 4. sz. - életmű |
| Online Access: | http://misc.bibl.u-szeged.hu/25470 |
| LEADER | 00602nab a2200169 i 4500 | ||
|---|---|---|---|
| 001 | misc25470 | ||
| 005 | 20191108150520.0 | ||
| 008 | 170720s1875 hu o 0|| zxx d | ||
| 040 | |a SZTE Miscellanea Repozitórium |b hun | ||
| 041 | |a zxx | ||
| 100 | 1 | |a Szamosi János | |
| 245 | 1 | 0 | |a Demosthenes |h [elektronikus dokumentum] : |b Görögország legnagyobb szónoka / |c Szamosi János |
| 260 | |c 1875 | ||
| 300 | |a 1-35 | ||
| 490 | 0 | |a Kolligátum | |
| 695 | |a Demosthenes, Szónoki beszéd - ókori - görög - i. e. 4. sz. - életmű | ||
| 856 | 4 | 0 | |u http://misc.bibl.u-szeged.hu/25470/1/017_001_001-035.pdf |z Dokumentum-elérés |